000 00494cam a22001812 4500
001 0000008856
005 20151217160118.0
008 080612s xx 000 0 eng d
020 _a0521636558 :
_cKES 205
040 _aKABU
_cKABU
100 1 _aBruton, Mike.
_@0000159631
245 1 4 _aThe Four-legged fish /
_cMike Bruton.
260 _aCambridge :
_bC. U. P.,
_c2000.
300 _a24 p.
908 _a080612
950 _@1
999 _c14431
_d14431